| 000 | 00554nam a22002057a 4500 | ||
|---|---|---|---|
| 999 |
_c3280 _d3280 |
||
| 003 | OSt | ||
| 005 | 20210809150341.0 | ||
| 008 | 160118b xxu||||| |||| 00| 0 eng d | ||
| 020 | _a9.7804700982e+012 | ||
| 040 |
_cMMU _aMMU _beng _dMMU |
||
| 050 |
_aZA 4235 _b.S67 2007 |
||
| 100 |
_9415 _aSostre Pedro |
||
| 245 |
_aWeb analytics for dummies/ _cPedro Sostre. |
||
| 260 |
_aNew Jersey : _bWiley, _c2007 |
||
| 300 | _a362 p. : | ||
| 500 | _aIncludes index | ||
| 650 | 0 |
_aWeb Analysis _9416 |
|
| 700 |
_aJennifer LeClaire _9417 |
||
| 942 |
_2lcc _cLOAN LOAN |
||